| 000 | 00757nam a2200193Ia 4500 | ||
|---|---|---|---|
| 003 | GCL | ||
| 008 | 140319s9999 xx 000 0 ara d | ||
| 040 |
_aGCL / _cGCL |
||
| 082 | 0 | 4 |
_a219 _bم ف |
| 100 | 1 | _aمحمد مهدى شمس الدين | |
| 245 | 1 | 0 |
_aفى الاجتماع السياسى الاسلامى:المجتمع السياسى الاسلامى محاولة تاصيل فقهى وتاريخى / _cمحمد مهدى شمس الدين |
| 260 |
_a[S.N] : _bالمؤسسة الدولية للدراسات والنشر ، _c1992 |
||
| 300 | _a372 ص | ||
| 490 | _a | ||
| 650 | 0 | 4 | _aالاسلام |
| 650 | 0 | 4 | _aالاسلام والاصلاح الاجتماعى |
| 650 | 0 | 4 | _aالاسلام والاصلاح السياسى |
| 942 |
_2ddc _cBK |
||
| 999 |
_c28969 _d28969 |
||